The impact of information technology on work /
Saved in:
| Main Author: | |
|---|---|
| Format: | Thesis Book |
| Language: | English |
| Published: |
2005.
|
| Subjects: | |
| Tags: |
Add Tag
No Tags, Be the first to tag this record!
|
| LEADER | 00961cam a2200241 a 4500 | ||
|---|---|---|---|
| 001 | u715765 | ||
| 003 | SIRSI | ||
| 008 | 051215s2005 my a t 00 0 eng m | ||
| 040 | |a UMK |d UMM | ||
| 090 | |a HF1008 |b UM 2005 Leo | ||
| 098 | |a HF1008 |b UM 2005 Leo | ||
| 100 | 1 | 0 | |a Leow, Yen Mee. |
| 245 | 1 | 4 | |a The impact of information technology on work / |c Leow Yen Mee. |
| 260 | |c 2005. | ||
| 300 | |a 64 leaves : |b ill. ; |c 30 cm. | ||
| 502 | |a Dissertation (M.B.A.) -- Fakulti Perniagaan dan Perakaunan, Universiti Malaya, 2005. | ||
| 504 | |a Bibliography: leaves 56-61. | ||
| 650 | 0 | |a Management information systems. | |
| 650 | 0 | |a Information technology |x Economic aspects | |
| 710 | 2 | 0 | |a Universiti Malaya. |b Fakulti Perniagaan dan Perakaunan. |
| 596 | |a 1 19 | ||
| 999 | |a HF1008 UM 2005 LEO |w LC |c 1 |i A511794491 |l STACKS |m P19KOTA |r Y |s Y |t TESIS |u 22/12/2005 | ||
| 999 | |a HF1008 UM 2005 LEO |w LC |c 1 |i A511947003 |d 8/2/2012 |e 8/2/2012 |f 17/7/2006 |g 1 |l STACKS |m P01UTAMA |n 2 |r Y |s Y |t TESIS |u 17/7/2006 | ||
